000 02108nam a22005777a 4500
001 5518779
003 LIBRIS
005 20210208103216.0
008 011211s1982 ne 000 0 eng c
020 _a044480465X
020 _a0720472008 (hela verket)
020 _a0-444-90404-2
040 _aC
_beng
_cDLC
041 _aeng
080 _a616.8
_bV-69
082 _a616.9
_b92
_a616.9
082 _a616.9
_b92
_a616.9
084 _aVeba
_2kssb/8 (machine generated)
084 _aVef
_2kssb/5
100 _9806
_aVinken, J., P.
_eEditor
245 0 0 _aHandbook of clinical neurology: Volume 44
_nCumulative subject index : volumes 1-43
_pprep. by P.J. Vinken ...
_c/ by: Elsevier Publishing CO., Inc
260 _aNew York
_bElsevier Publishing CO., Inc
_cCop. 1982
300 _a520 p.
_bill.
650 7 _aSpine
_2BNB
650 0 _aNeurology
_9100
650 2 _aNervous system diseases
650 7 _aman
_2BNB
650 2 _aNervous system diseases
650 2 _aNeurology: handbooks
650 2 _aNervous system diseases: handbooks
653 _aნევროლოგია
653 _aნერვული სისტემის დაავადებები
653 _aხერხემალი
700 1 _aBruyn, George W.
_4oth
700 1 _aKlawans, Harold L.
_4oth
700 1 _aVinken, Pierre J.
_4oth
_0200360
740 0 _aCumulative subject index
772 0 0 _7nn
_tHandbook of clinical neurology
_ceditors: Pierre J. Vinken, George W. Bruyn, Harold L. Klawans
_dAmsterdam : Elsevier, 1968-
_z0-7204-7200-8
_w0720472008
900 1 s _6700
_uVinken, Pierre J.
942 _2udc
_cBK
999 _c1266
_d1266